00610cam a2200193u 450000100060000000300080000600500170001400800390003103500190007004000330008904100080012208200210013010000360015124500520018726000430023930000270028260000600030965000470036918372BD-RjUL20211209000257.0140220s1964 enk 000 0 eng a(BD-RjUL)18430 aDLCcCarPdDLCdBD-RjULbeng aeng04a822.33bWIF 19641 aWilson, John Dover,d1881-1969.14aThe fortunes of Falstaff /c John Dover Wilson. aCambridge :bUniversity Press,c1964. aviii, 143 p. ;c19 cm.10aShakespeare, William,d1564-1616xCharactersxFalstaff. 0aFalstaff, John, Sir (Fictitious character)